A descartes-i fa átfésült gyökerei [könyvismertetés] /

Elmentve itt :
Bibliográfiai részletek
Szerző: Rembeczki Eszter
További közreműködők: Schmal Dániel
Dokumentumtípus: Cikk
Megjelent: 2013
Sorozat:Különbség 13 No. 1
Kulcsszavak:Filozófia - francia - 17. sz. - könyvismertetés, René Descartes
Tárgyszavak:
Online Access:http://acta.bibl.u-szeged.hu/30776
LEADER 00799nab a2200217 i 4500
001 acta30776
005 20251010082959.0
008 161017s2013 hu o 000 hun d
022 |a 1785-7821 
040 |a SZTE Egyetemi Kiadványok Repozitórium  |b hun 
041 |a hun 
100 1 |a Rembeczki Eszter 
245 1 2 |a A descartes-i fa átfésült gyökerei   |h [elektronikus dokumentum] :  |b [könyvismertetés] /  |c  Rembeczki Eszter 
260 |c 2013 
300 |a 207-211 
490 0 |a Különbség  |v 13 No. 1 
650 4 |a Bölcsészettudományok 
650 4 |a Filozófia, etika és vallástudományok 
695 |a Filozófia - francia - 17. sz. - könyvismertetés, René Descartes 
700 0 1 |a Schmal Dániel 
856 4 0 |u http://acta.bibl.u-szeged.hu/30776/1/kulonbseg_2013_001_207-211.pdf  |z Dokumentum-elérés